Language Names- Part 2 - Statistics

General Stats
  • This quiz has been taken 25 times
  • The average score is 7 of 12
Answer Stats
Native English % Correct
Türkçe Turkish
100%
日本語, 日本語 Japanese
92%
Беларуская Belarussian
88%
हिन्दी Hindi
72%
Cymraeg Welsh
56%
ኣማርኛ Amharic
52%
ភាសាខ្មែរ Khmer
52%
Reo Mā'ohi, Reo Tahiti Tahitian
44%
اُردُو Urdu
44%
Kreyòl Ayisyen Haitian Creole
40%
тыва дыл Tuvan
28%
རྫོང་ཁ་ Dzongkha
24%
No matching quizzes found
Score Distribution
Percent of People with Each Score
Percentile by Number Answered
Your Score History
You have not taken this quiz